La desigualdad ante la muerte epistemología y epidemiología/
Tallennettuna:
| Päätekijä: | |
|---|---|
| Muut tekijät: | |
| Aineistotyyppi: | Teksti |
| Kieli: | Spanish |
| Julkaistu: |
San José:
EDUCA
1979
|
| Aiheet: | |
| Tagit: |
Lisää tagi
Ei tageja, Lisää ensimmäinen tagi!
|
MARC
| LEADER | 00000 a a2200000 04500 | ||
|---|---|---|---|
| 001 | 33172 | ||
| 003 | cru CRA/IIS | ||
| 005 | 20210903131427.0 | ||
| 008 | 210903b1979 |||||||| |||| 00| 0 spa d | ||
| 040 | |c CRAIS/IIS | ||
| 090 | |a 03.01.01 D563e | ||
| 100 | 1 | |a Breilh, Jaime |9 8122 | |
| 245 | |a La desigualdad ante la muerte epistemología y epidemiología/ | ||
| 260 | |a San José: |b EDUCA |c 1979 | ||
| 300 | |a Páginas 277- 305 |b il. | ||
| 440 | |n 08 | ||
| 650 | |a CRECIMIENTO DEMOGRAFICO | ||
| 650 | |a CAPITALISMO | ||
| 650 | 0 | |a DESIGUALDAD SOCIAL |9 77 | |
| 700 | |a ed. |a Fernandez, Mario E. |a ed. | ||
| 942 | |2 ddc |c LI |h 03.01.01 |i 19529 |6 030101_19529 | ||
| 999 | |c 16759 |d 16759 | ||
| 773 | 0 | |0 150 |9 2514 |a Dierckxsens, Wim |d San José: EDUCA 1979 |o 19529 |t Economía y población:/ |w (cru CIDCACS/IIS)33171 | |
